000
00262nam a22001217a 4500
008
181022b xxu||||| |||| 00| 0 eng d
041
_a
eng
080
_a
371
100
_a
36
101
_a
EDU
245
_a
Writing the Natural Way
_c
Rico, G.L
942
_2
udc
_c
BK
999
_c
50537
_d
50537